Science Quiz

Random Science or Anatomy Quiz

Pick the '-itis' Quiz Stats

 Plays Quiz Updated Dec 27, 2018

Support Sporcle.
Go Orange.
Score 0/38 Timer 08:00
7 Plays Today
% Correct
Appendix
91%
Pancreas
90.1%
Tonsils
89.6%
Cervix
88.4%
Esophagus
88.1%
Prostate Gland
87.5%
Hair Follicles
86.6%
Tendon
86.5%
Larynx
83.9%
Mucous Membranes of Bronchi
80.1%
Gum Tissue
79.6%
Duodenum
79.6%
Stomach
79.4%
Heart Muscle
76.6%
Ileum
76%
Joints
74.3%
Blood Vessels
71.3%
Bone
68.8%
Mucous Membranes of Nose
68.5%
% Correct
Liver
68.4%
Paranasal Sinus
67.1%
Meninges
65.6%
Brain
64.4%
Breast Tissue
64.1%
Dental Pulp
62.6%
Costal Cartilage
61.3%
Kidney
60.4%
Rectum
53.9%
Ear
52.1%
Salivary Glands
41.9%
Tongue
41.8%
Gall Bladder
37.9%
Skeletal Muscles
34.3%
Urinary Bladder
33.2%
Pituitary Gland
32.2%
Cornea of the Eye
31.5%
Eyelid
28.7%
Spinal Cord
26.9%

From the Vault

Before or After: D-Day

by 60minutes

History 6m
75 years ago on this very date, the Allies launched their invasion of Normandy.
Remove Ads.
Support Sporcle.
Get the best of Sporcle when you Go Orange. This ad-free experience offers more features, more stats, and more fun while also helping to support Sporcle. Thank you for becoming a member.

Show Comments

Extras

Top Quizzes Today


Score Distribution

Your Account Isn't Verified!

In order to create a playlist on Sporcle, you need to verify the email address you used during registration. Go to your Sporcle Settings to finish the process.

Report this User

Report this user for behavior that violates our Community Guidelines.

Details: